| 000 | 00416nam a2200169Ia 4500 | ||
|---|---|---|---|
| 003 | LK-CoDNM | ||
| 008 | 010623t1923 xxu||||| |||| 00| 1 eng d | ||
| 040 |
_aLK-CoDNM _dLK-CoDNM _eLK-CoDNM |
||
| 041 | _aeng | ||
| 080 |
_a50 _bD6 |
||
| 100 | _aPerera,H.S. | ||
| 245 | _aCeylonese Pronunciation of English | ||
| 260 |
_bFrewin Company _aColombo _c1923 |
||
| 300 | _b33p., 17 cm | ||
| 650 | _aAlocution | ||
| 942 | _cBK | ||
| 999 |
_c91463 _d91463 |
||